MaMunivar (Record no. 234938)

MARC details
000 -LEADER
fixed length control field 00400nam a2200181Ia 4500
008 - FIXED-LENGTH DATA ELEMENTS--GENERAL INFORMATION
fixed length control field 240823s9999||||xx |||||||||||||| ||und||
082 ## - DEWEY DECIMAL CLASSIFICATION NUMBER
-- 933 R0
100 ## - MAIN ENTRY--PERSONAL NAME
Personal name Kumari Mu Rajendran
245 #0 - TITLE STATEMENT
Title MaMunivar
250 ## - EDITION STATEMENT
Edition statement 1st
260 ## - PUBLICATION, DISTRIBUTION, ETC. (IMPRINT)
Date of publication, distribution, etc 2020
Name of publisher, distributor, etc Kumari Malar Pathip
500 ## - GENERAL NOTE
General note YES
650 ## - SUBJECT ADDED ENTRY--TOPICAL TERM
Topical term or geographic name as entry element History
942 ## - ADDED ENTRY ELEMENTS (KOHA)
Item type Books
Holdings
Withdrawn status Lost status Damaged status Permanent location Current location Date acquired Source of acquisition Cost, normal purchase price Full call number Barcode Date last seen Koha item type
      CENTRAL LIBRARY, NOORUL ISLAM CENTRE FOR HIGHER EDUCATION CENTRAL LIBRARY, NOORUL ISLAM CENTRE FOR HIGHER EDUCATION 02/09/2022 Gift Book 150.00 933 R0 82704 08/23/2024 Books
Visitors:
Copyright © 2024 Central Library NICHE.  All rights reserved.